The mom inventors handbook : How to turn your great idea into the next big thing

The Mom Inventors Handbook. gives practical step-by- step advice for putting inspiration into action. The book takes inventors from idea development to marketing and sales covering everything from market research to prototype development, manufacturing and licensing and debunks some common myths. It...

Full description

Saved in:
Bibliographic Details
Main Author: Monosoff, Tamara
Format: Book
Language:Undetermined
Published: New York McGraw-Hill 2005
Subjects:
Tags: Add Tag
No Tags, Be the first to tag this record!
Institutions: Trung tâm Học liệu Trường Đại học Cần Thơ
LEADER 01130nam a2200217Ia 4500
001 CTU_140419
008 210402s9999 xx 000 0 und d
082 |a 658.1141 
082 |b M751 
100 |a Monosoff, Tamara 
245 4 |a The mom inventors handbook : 
245 0 |b How to turn your great idea into the next big thing 
245 0 |c Tamara Monosoff 
260 |a New York 
260 |b McGraw-Hill 
260 |c 2005 
520 |a The Mom Inventors Handbook. gives practical step-by- step advice for putting inspiration into action. The book takes inventors from idea development to marketing and sales covering everything from market research to prototype development, manufacturing and licensing and debunks some common myths. It simplifies the invention process; even providing stories from real mom inventors sharing their 'aha' moments and lessons learned. 
650 |a Intellectual property,Công ty kinh doanh mới,Quyền sở hữu trí tuệ,New business enterprises 
650 |x Quản lý,Management 
904 |i Trọng Hải 
980 |a Trung tâm Học liệu Trường Đại học Cần Thơ